000 00576nam a22002177a 4500
003 UA-OsUOA
001 64488
007 ta
008 20091105b un ||||| |||| 00| 0 ukr d
090 _a929
_bЯ60
942 _cBK
040 _aUA-OsUOA
_brus
_cUA-OsUOA
_dUA-OsUOA
245 _aЯн Гамарник. Воспоминания друзей и соратников
300 _a185 с.
955 _a4
041 _arus
080 _a929
260 _aЛьвів
_c1978
650 7 _a9 Географія. Біографії. Історія
_2UDC
999 _c350741
_d350741